U.S. States with Grizzly Bears - Statistics

General Stats
  • This quiz has been taken 20 times
  • The average score is 4 of 5
Answer Stats
Answer Estimated Bear Population % Correct
Alaska 30,000
94%
Montana 2,000
83%
Washington 500
83%
Wyoming 600
83%
Idaho 100
72%
No matching quizzes found
Score Distribution
Percent of People with Each Score
Percentile by Number Answered
Your Score History
You have not taken this quiz